000 00708nam a2200229Ia 4500
003 OSt
005 20220925231357.0
006 a|||||r|||| 00| 0
007 ta
008 220923b |||||||| |||| 00| 0 eng d
037 _cGeneral Book
040 _aRTL
_cRTL
_beng
041 _2eng
_aeng
082 _aX64:(B).2.N8, M2
100 _aNayar C P Somanathan
_9243306
245 0 _aFinance corporations
_b A study of unregulated banks
260 _aMadras
_bInstitute For Financial Management And Research India
_c1982
300 _ax,121p Bib p 118-19
_ccm.
650 _aMoney Markets
942 _hX64:(B).2.N8, M2
_cGB
_2CC
999 _c588291
_d588291